01314nam a2200301 i 450000100060000000300090000600500170001500700030003200800410003502000180007608000210009408000280011524501190014326000360026230000220029849000550032050400320037559401690040759600620057665000400063865100430067870000400072170000410076183000490080285200220085199900170087395201220089067577ES-MaACL20250928123444.0t|040604s2003 sp |||| | spa d a84-368-1795-8 a336.74(4)"15/19" a338.23(4):336.74"15/19"03aLa moneda en Europa b: de Carlos V al euro / ccoordinadores, Manuel Varela Parache, Juan José Durán Herrera. aMadrid : bPirámide, c[2003] a315 p. ; c23 cm.1 aColección "Economía y gestión internacional" aBibliografía: p. 305-315. aPonencia del seminario celebrado en Yuste y Jarandilla de la Vera, del 19 al 21 de octubre de 2000, y del encuentro celebrado en Granada, el 8 y 9 de marzo de 2002. aEn port.: Fundación ICO; Centro Internacional Carlos V.14aMoneda-zEuropa-vHistoria.9160457 aEuropa-xPolítica monetaria.91749391 aVarela, Manuel, d1926-201191131421 aDurán Herrera, Juan José.9462220 aEconomía y gestión internacional9230902 aES-MaACLjL-27779 c67577d67577 00104070aATENEOMbATENEOMcDEPO2d2008-01-17eSCl0oL-27779p1070758r2023-02-23 00:00:00w2023-02-23yMONOGRAFIA